Statistiques concernant Europa Universalis 4 : tous les pays d'Europe

Cliquez ici pour prendre le quiz!

Statistiques générales

  • Ce quiz a été pris 126 fois
  • Le résultat moyen est 53 sur 128

Statistiques - réponses

RégionPays% Correct
FranceProvence
81%
FranceFrance
80%
ScandinavieDanemark
76%
FranceBretagne
74%
ScandinavieSuède
74%
Allemagne du SudAutriche
71%
PolognePologne
71%
Péninsule IbériquePortugal
71%
BalkansSerbie
71%
BaltiqueLithuanie
70%
Péninsule IbériqueNavarre
70%
ScandinavieNorvège
70%
Péninsule IbériqueAragon
69%
FranceSavoie
69%
Allemagne du NordBohême
67%
Péninsule IbériqueGrenade
67%
ItalieNaples
67%
Péninsule IbériqueCastille
66%
ItalieVenise
66%
ItalieFlorence
65%
FranceLorraine
65%
BalkansAlbanie
64%
FranceBourgogne
64%
BalkansBosnie
63%
CarpatesHongrie
63%
Îles BritanniquesAngleterre
62%
Allemagne du NordBrandebourg
61%
Îles BritanniquesÉcosse
61%
ItalieGênes
61%
ItalieMilan
61%
BalkansOttomans
61%
Allemagne du SudBavière
58%
CarpatesMoldavie
58%
Allemagne du NordSaxe
57%
Allemagne du SudSuisse
57%
BalkansByzance
56%
Pays-BasHollande
56%
RussieMoscovie
56%
BaltiqueOrdre Teutonique
55%
Steppe PontiqueCrimée
54%
OuralKazan
54%
Pays-BasBrabant
53%
CaucaseGéorgie
53%
Allemagne du NordHambourg
53%
ItalieÉtats Pontificaux
51%
CarpatesValachie
51%
Pays-BasFlandres
48%
Allemagne du SudAlsace
47%
BalkansAthènes
47%
BaltiqueRiga
47%
RussieNovgorod
46%
BaltiqueOrdre de Livonie
46%
AnatolieChypre
45%
Îles BritanniquesLeinster
45%
ItalieFerrare
44%
Allemagne du SudPalatinat
43%
BalkansRaguse
43%
Allemagne du NordCologne
42%
PologneMazovie
42%
ItalieUrbino
42%
Pays-BasLiège
40%
FranceNivernais
40%
Allemagne du NordPoméranie
40%
Allemagne du NordHolstein
39%
Allemagne du SudBade
38%
ItalieMantoue
38%
OuralPerm
38%
Allemagne du NordLübeck
37%
RussieRiazan
37%
Allemagne du NordBrême
36%
OuralGrande Horde
36%
AnatolieHospitaliers
36%
Allemagne du NordMünster
36%
Steppe PontiqueThéodoros
36%
ItalieSienne
35%
ItalieLucques
33%
CaucaseCircassie
31%
Allemagne du NordAix-la-Chapelle
30%
Îles BritanniquesDesmond
30%
Allemagne du SudMayence
30%
BalkansNaxos
30%
Sibérie occidentaleOuzbeks
30%
RussiePskov
30%
Allemagne du NordHesse
29%
Allemagne du SudSalzbourg
29%
Allemagne du SudUlm
29%
Pays-BasUtrecht
29%
Allemagne du NordTrèves
28%
Allemagne du NordAnhalt
27%
Allemagne du SudNuremberg
27%
PologneSilésie
27%
Îles BritanniquesUlster
27%
Allemagne du SudAugsbourg
25%
Asie centraleNogaïs
25%
AnatolieTrébizonde
25%
RussieTver
25%
BalkansCorfou
24%
Allemagne du NordFrancfort
24%
RussieIaroslavl
24%
AnatolieKaramanie
24%
Allemagne du NordLunebourg
24%
Allemagne du SudWurtemberg
24%
ItalieMontferrat
22%
Allemagne du NordBrunswick
20%
Îles BritanniquesClanricarde
20%
Allemagne du NordMecklembourg
20%
AnatolieRamazan
20%
Îles BritanniquesTyrone
20%
AnatolieCandar
19%
Allemagne du SudMemmingen
19%
Allemagne du NordOldenbourg
19%
AnatolieDulkadir
18%
Allemagne du NordMagdebourg
18%
RuthénieOdoïev
18%
AnatolieAq Qoyunlu
17%
AnatolieQara Qoyunlu
17%
Allemagne du NordVerden
17%
Allemagne du SudAnsbach
16%
CaucaseGazikumukh
15%
Allemagne du SudRavensbourg
15%
Allemagne du NordSaxe-Lauenbourg
15%
Îles BritanniquesSligo
15%
Îles BritanniquesThomond
15%
Allemagne du SudWurtzbourg
15%
CaucaseShîrvân
13%
Îles BritanniquesKildare
11%
Allemagne du NordNassau
8%
Allemagne du NordDitmarse
6%

Distribution des résultats

Percentile par nombre de réponses

% des personnes avec chaque résultat

Votre développement - résultats

Vous n’avez pas pris ce quiz